[Event "Guanabara III IRT 201"]
[Site "Guanabara"]
[Date "2014.07.05"]
[Round "1.1"]
[White "Maia, Marco Aurelio Ferre"]
[Black "Almeida Junior, Clovis Viana"]
[Result "1-0"]
[WhiteElo "2102"]
[BlackElo "1941"]
[PlyCount "118"]
[EventDate "2014.07.05"]
[EventType "swiss"]
[EventRounds "6"]
[EventCountry "BRA"]
[SourceTitle "EXT 2022"]
[Source "ChessBase"]
[SourceDate "2021.10.06"]
[SourceVersion "1"]
[SourceVersionDate "2021.10.06"]
[SourceQuality "1"]

1. d4 d5 2. c4 c6 3. Nf3 Nf6 4. Nc3 dxc4 5. a4 Bf5 6. e3 e6 7. Bxc4 Bb4 8. 0-0 0-0 9. Qe2 Nbd7 10. e4 Bg4 11. h3 Bh5 12. Bf4 Qa5 13. e5 Nd5 14. Nxd5 cxd5 15. Bd3 Bg6 16. Bxg6 hxg6 17. Ng5 Rfc8 18. Qf3 Nf8 19. Be3 Rc7 20. Rfc1 Rac8 21. Rxc7 Rxc7 22. h4 Nh7 23. Nxh7 Kxh7 24. h5 gxh5 25. Qxh5+ Kg8 26. Bg5 Rc2 27. Qg4 Bf8 28. b3 Qc3 29. Rb1 Qd3 30. Qd1 Qc3 31. Qg4 a5 32. Qd1 Ba3 33. Be3 Bb2 34. Qe1 Qxe1+ 35. Rxe1 Ba3 36. Ra1 Bb2 37. Rb1 Kh7 38. Kf1 Bc3 39. g4 Kg6 40. Kg2 f6 41. exf6 gxf6 42. Kf3 e5 43. dxe5 fxe5 44. Rc1 Rxc1 45. Bxc1 e4+ 46. Ke2 Kf6 47. Bf4 Bb4 48. f3 Bc5 49. fxe4 dxe4 50. Bc7 b6 51. Bd8+ Ke5 52. Bc7+ Kd4 53. g5 Kd5 54. Kd2 Bd4 55. Ke2 Kc5 56. g6 Kb4 57. Bxb6 Bf6 58. Bxa5+ Kxa5 59. Ke3 Kb4 1-0

[Event "Rio de Janeiro Guanabara op 2nd"]
[Site "Rio de Janeiro"]
[Date "2014.03.29"]
[Round "3"]
[White "Da Silva, Claudio Oliveira"]
[Black "Almeida Junior, Clovis Viana"]
[Result "0-1"]
[WhiteElo "1818"]
[BlackElo "1950"]
[PlyCount "90"]
[EventDate "2014.03.15"]
[EventType "swiss"]
[EventRounds "6"]
[EventCountry "BRA"]
[SourceTitle "EXT 2018"]
[Source "ChessBase"]
[SourceDate "2017.10.13"]
[SourceVersion "1"]
[SourceVersionDate "2017.10.13"]
[SourceQuality "1"]

1. d4 d5 2. c4 c6 3. cxd5 cxd5 4. g3 Nf6 5. Nf3 e6 6. Bg2 Be7 7. Nc3 0-0 8. 0-0 Nc6 9. Bf4 b6 10. Rc1 Bb7 11. Re1 Na5 12. Ne5 Rc8 13. Qa4 Qe8 14. Qxe8 Rfxe8 15. Nb5 a6 16. Nc3 Nc4 17. Nd3 Nh5 18. b3 Nxf4 19. Nxf4 Na3 20. Nd3 Bf6 21. e3 a5 22. Na4 Bd8 23. Rxc8 Bxc8 24. Rc1 Bd7 25. Nc3 f6 26. f4 Be7 27. Ne2 Bb5 28. Rd1 Rc8 29. Rd2 Rc2 30. Rxc2 Nxc2 31. Ndc1 Nxe3 32. Bf3 Nc2 33. f5 exf5 34. Bxd5+ Kf8 35. Be6 g6 36. d5 Bc5+ 37. Kg2 Ke7 38. Nc3 Bd7 39. Bg8 Kf8 40. Be6 Bxe6 41. dxe6 Ke7 42. Nd3 Kxe6 43. Nxc5+ bxc5 44. Kf3 Ke5 45. Nb5 Nd4+ 0-1

[Event "Rio de Janeiro I IRT do CXG"]
[Site "Rio de Janeiro"]
[Date "2014.02.08"]
[Round "5.5"]
[White "Saraiva, Alexandre Pacheco"]
[Black "Almeida Junior, Clovis Viana"]
[Result "0-1"]
[WhiteElo "1969"]
[BlackElo "1960"]
[PlyCount "100"]
[EventDate "2014.01.25"]
[EventType "swiss"]
[EventRounds "6"]
[EventCountry "BRA"]
[SourceTitle "EXT 2022"]
[Source "ChessBase"]
[SourceDate "2021.10.06"]
[SourceVersion "1"]
[SourceVersionDate "2021.10.06"]
[SourceQuality "1"]

1. c4 c6 2. d4 d5 3. e3 Nf6 4. Nd2 Bf5 5. Ngf3 e6 6. Be2 h6 7. 0-0 Nbd7 8. a3 Bd6 9. b4 0-0 10. Bb2 Re8 11. Qb3 Ne4 12. Rfd1 Ndf6 13. Nxe4 Nxe4 14. cxd5 exd5 15. Rac1 Re6 16. g3 Bg4 17. Rc2 Qf6 18. Kg2 Qf5 19. Rf1 Bh3+ 20. Kg1 Bxf1 21. Kxf1 g5 22. Bd1 Rae8 23. Ne5 Qh3+ 24. Kg1 Nf6 25. f3 Bxe5 26. dxe5 Nd7 27. Qc3 f6 28. f4 fxe5 29. Rf2 Nf6 30. fxe5 Ne4 31. Qe1 Nxf2 32. Qxf2 Rf8 33. Qe2 Qf5 34. Bc2 Qf3 35. Qxf3 Rxf3 36. Bd4 a5 37. Bd1 Rf8 38. Bb3 axb4 39. axb4 Kg7 40. Kg2 Rfe8 41. e4 dxe4 42. Kf2 Rxe5 43. Ke3 Kg6 44. Bxe5 Rxe5 45. Bc4 Kf5 46. h3 Re7 47. Be2 Ke5 48. Bg4 b6 49. Bd1 Rd7 50. Bc2 Rd4 0-1

[Event "Rio de Janeiro I IRT do CXG"]
[Site "Rio de Janeiro"]
[Date "2014.01.25"]
[Round "2.4"]
[White "Almeida Junior, Clovis Viana"]
[Black "Ramos, Angelo Bil"]
[Result "0-1"]
[WhiteElo "1960"]
[BlackElo "2071"]
[PlyCount "50"]
[EventDate "2014.01.25"]
[EventType "swiss"]
[EventRounds "6"]
[EventCountry "BRA"]
[SourceTitle "EXT 2022"]
[Source "ChessBase"]
[SourceDate "2021.10.06"]
[SourceVersion "1"]
[SourceVersionDate "2021.10.06"]
[SourceQuality "1"]

1. d4 Nf6 2. c4 g6 3. Nc3 d5 4. cxd5 Nxd5 5. e4 Nxc3 6. bxc3 Bg7 7. Bc4 c5 8. Ne2 Nc6 9. Be3 0-0 10. 0-0 Bg4 11. f3 Na5 12. Bxf7+ Rxf7 13. fxg4 Rxf1+ 14. Kxf1 cxd4 15. cxd4 e5 16. d5 Nc4 17. Bf2 Qf6 18. Kg1 Rf8 19. Qe1 Bh6 20. Nc1 Ne3 21. Qe2 Nxg4 22. Bc5 b6 23. h3 bxc5 24. hxg4 c4 25. a4 Qh4 0-1

[Event "Rio de Janeiro CXG op 3rd"]
[Site "Rio de Janeiro"]
[Date "2013.09.21"]
[Round "5"]
[White "Santos Filho, Tadeu Souza"]
[Black "Almeida Junior, Clovis Viana"]
[Result "1-0"]
[WhiteElo "2057"]
[BlackElo "1974"]
[PlyCount "45"]
[EventDate "2013.08.17"]
[EventType "swiss"]
[EventRounds "6"]
[EventCountry "BRA"]
[SourceTitle "EXT 2018"]
[Source "ChessBase"]
[SourceDate "2017.10.13"]
[SourceVersion "1"]
[SourceVersionDate "2017.10.13"]
[SourceQuality "1"]

1. e4 e5 2. Nf3 Nc6 3. Nc3 Bc5 4. Nxe5 Nxe5 5. d4 Bd6 6. dxe5 Bxe5 7. f4 Bxc3+ 8. bxc3 b6 9. Qd5 Rb8 10. Bd3 Qe7 11. 0-0 Qc5+ 12. Qxc5 bxc5 13. Be3 d6 14. Rab1 Rb6 15. a4 a5 16. Rb5 Bb7 17. Rxb6 cxb6 18. Rb1 Kd7 19. Rxb6 Kc7 20. Rb5 Bc6 21. Rxa5 Kb6 22. Ra6+ Kb7 23. e5 1-0

[Event "Rio de Janeiro Borensztajn op 2nd"]
[Site "Rio de Janeiro"]
[Date "2013.06.30"]
[Round "6"]
[White "Almeida Junior, Clovis Viana"]
[Black "Rodrigues, Nei Jorge"]
[Result "0-1"]
[WhiteElo "2076"]
[BlackElo "2050"]
[PlyCount "198"]
[EventDate "2013.06.22"]
[EventType "swiss"]
[EventRounds "7"]
[EventCountry "BRA"]
[SourceTitle "EXT 2014"]
[Source "ChessBase"]
[SourceDate "2013.11.20"]
[SourceVersion "1"]
[SourceVersionDate "2013.11.20"]
[SourceQuality "1"]

1. d4 g6 2. c4 Bg7 3. Nc3 c5 4. d5 Bxc3+ 5. bxc3 Qa5 6. Bd2 f5 7. Qc2 Nf6 8. f3 0-0 9. Nh3 d6 10. Rb1 Nbd7 11. Bh6 Re8 12. Ng5 Ne5 13. e3 Rb8 14. Be2 Bd7 15. 0-0 a6 16. Rb2 Rec8 17. Rfb1 b5 18. cxb5 c4 19. a4 Nxd5 20. Rb4 axb5 21. f4 Nf7 22. Nxf7 Kxf7 23. Qd2 Nf6 24. Bxc4+ e6 25. Bxb5 Bxb5 26. axb5 Qc7 27. c4 d5 28. b6 Qc5 29. cxd5 Nxd5 30. R4b3 Rb7 31. Qb2 Nf6 32. Bg5 Ne4 33. Bh4 Qc6 34. Be1 h6 35. Qe2 Qc4 36. Qxc4 Rxc4 37. Ra1 Rc8 38. Ra7 Rcb8 39. Rxb7+ Rxb7 40. Ba5 Ke7 41. Rb2 Kd7 42. Rc2 g5 43. Kf1 g4 44. Ke2 h5 45. Kd3 Nf6 46. Rc7+ Rxc7 47. bxc7 Nd5 48. Kd4 h4 49. g3 hxg3 50. hxg3 Ne7 51. Bb6 Nc8 52. Kc5 Ne7 53. Ba5 Nd5 54. Kd4 Ne7 55. Kd3 Nd5 56. e4 Nxc7 57. Bxc7 Kxc7 58. e5 Kb6 59. Kc4 Kc6 60. Kb4 Kd5 61. Kb5 Ke4 62. Kc6 Kf3 63. Kd6 Kxg3 64. Kxe6 Kxf4 65. Kf6 g3 66. e6 g2 67. e7 g1Q 68. e8Q Qd4+ 69. Kg6 Qd6+ 70. Kf7 Qe5 71. Qa4+ Kg5 72. Qa2 Qf6+ 73. Ke8 Qc6+ 74. Kf7 Qd7+ 75. Kg8 f4 76. Qg2+ Qg4 77. Qb2 Kh4+ 78. Kf8 Kg3 79. Qc1 Qf5+ 80. Kg7 Qg5+ 81. Kf8 Qh6+ 82. Kf7 Qh5+ 83. Ke7 Kg2 84. Qb2+ Kg3 85. Qb8 Qc5+ 86. Kf7 Qc3 87. Kg6 Qe3 88. Kf7 Kf2 89. Qb2+ Kg1 90. Qb1+ Kg2 91. Qb7+ Qf3 92. Qb2+ Kg3 93. Qg7+ Qg4 94. Qb2 f3 95. Ke7 f2 96. Qb3+ Kh2 97. Qb8+ Qg3 98. Qh8+ Qh3 99. Qf6 f1Q 0-1

[Event "Rio de Janeiro Borensztajn op 2nd"]
[Site "Rio de Janeiro"]
[Date "2013.06.23"]
[Round "2"]
[White "Almeida Junior, Clovis Viana"]
[Black "Borensztajn, David"]
[Result "0-1"]
[WhiteElo "2076"]
[BlackElo "1871"]
[PlyCount "68"]
[EventDate "2013.06.22"]
[EventType "swiss"]
[EventRounds "7"]
[EventCountry "BRA"]
[SourceTitle "EXT 2014"]
[Source "ChessBase"]
[SourceDate "2013.11.20"]
[SourceVersion "1"]
[SourceVersionDate "2013.11.20"]
[SourceQuality "1"]

1. d4 d5 2. c4 c6 3. Nf3 Nf6 4. Nc3 Bf5 5. cxd5 cxd5 6. Qb3 b6 7. Bg5 e6 8. e3 Be7 9. Bxf6 Bxf6 10. Qa4+ Nd7 11. Bb5 a6 12. Bc6 Rc8 13. Bb7 Rxc3 14. bxc3 Qc7 15. Qc6 Qxc6 16. Bxc6 Ke7 17. Kd2 h6 18. Rhc1 Rc8 19. Bb7 Rc7 20. Bxa6 g5 21. a4 g4 22. Ne1 Bg5 23. g3 Nf6 24. c4 Ne4+ 25. Ke2 e5 26. f3 gxf3+ 27. Nxf3 Bg4 28. cxd5 Rxc1 29. Rxc1 exd4 30. Rc7+ Kd6 31. Rxf7 Bxe3 32. Ke1 Bf2+ 33. Kf1 Be3 34. Kg2 Bxf3+ 0-1

[Event "Guanabara op 2nd"]
[Site "Rio de Janeiro"]
[Date "2013.04.13"]
[Round "2"]
[White "Rabello, David Sousa"]
[Black "Almeida Junior, Clovis Viana"]
[Result "0-1"]
[WhiteElo "1898"]
[BlackElo "2066"]
[PlyCount "102"]
[EventDate "2013.04.06"]
[EventType "swiss"]
[EventRounds "6"]
[EventCountry "BRA"]
[SourceTitle "EXT 2015"]
[Source "ChessBase"]
[SourceDate "2014.11.20"]
[SourceVersion "1"]
[SourceVersionDate "2014.11.20"]
[SourceQuality "1"]

1. e4 e5 2. Bc4 Nf6 3. Nf3 Nc6 4. d4 exd4 5. 0-0 d6 6. Nxd4 Ne5 7. Bb3 Be7 8. Nc3 0-0 9. f4 Ned7 10. h3 Nc5 11. e5 dxe5 12. fxe5 Nfe4 13. Qf3 Nxb3 14. Nxb3 Nxc3 15. Qxc3 Be6 16. Be3 Bg5 17. Bf2 c6 18. Rad1 Qc7 19. Qg3 Bh6 20. Nd4 Bc8 21. Be3 Bxe3+ 22. Qxe3 Re8 23. Nf5 f6 24. Qg3 fxe5 25. Nh6+ Kh8 26. Rf7 Qb6+ 27. Kh1 g6 28. Qf3 Bf5 29. Nxf5 Rf8 30. Rdd7 Rxf7 31. Rxf7 Qxb2 32. Ne7 e4 33. Qxe4 Rd8 34. Qh4 Rd1+ 35. Kh2 Qe5+ 36. Qf4 Qxf4+ 37. Rxf4 Rd8 38. Rb4 Rd7 39. Nc8 b5 40. a4 a5 41. Re4 Kg7 42. Kg3 Kf6 43. axb5 cxb5 44. Kf4 Rd2 45. Nd6 Rxd6 46. c4 b4 47. c5 Rc6 48. Rc4 b3 49. Rc1 a4 50. Ke3 b2 51. Rb1 a3 0-1

[Event "Guanabara op 2nd"]
[Site "Rio de Janeiro"]
[Date "2013.04.06"]
[Round "1"]
[White "Almeida Junior, Clovis Viana"]
[Black "Rodi, Luis Ernesto"]
[Result "0-1"]
[WhiteElo "2066"]
[BlackElo "2359"]
[PlyCount "72"]
[EventDate "2013.04.06"]
[EventType "swiss"]
[EventRounds "6"]
[EventCountry "BRA"]
[SourceTitle "EXT 2015"]
[Source "ChessBase"]
[SourceDate "2014.11.20"]
[SourceVersion "1"]
[SourceVersionDate "2014.11.20"]
[SourceQuality "1"]

1. c4 f5 2. Nf3 Nf6 3. Nc3 g6 4. g3 Bg7 5. Bg2 d6 6. d4 0-0 7. 0-0 Nc6 8. Re1 e5 9. dxe5 dxe5 10. Be3 Be6 11. Qa4 h6 12. Rad1 Qe8 13. Nd5 Qf7 14. Qb5 Rab8 15. b3 Ne4 16. Nd2 a6 17. Qa4 Bxd5 18. cxd5 Nc3 19. Qa3 Nxd1 20. Rxd1 Nd4 21. Bxd4 exd4 22. Nc4 Rfe8 23. Bf3 Qe7 24. Qc1 g5 25. h3 Rf8 26. Rd3 Qc5 27. Qd1 Rbe8 28. Kg2 Qe7 29. e3 dxe3 30. Rxe3 Qf6 31. Rd3 g4 32. Be2 h5 33. hxg4 fxg4 34. Qf1 Rf7 35. Rd2 Bh6 36. Rc2 Qf5 0-1

[Event "Guanabara op 1st"]
[Site "Rio de Janeiro"]
[Date "2013.02.02"]
[Round "4"]
[White "Borensztajn, David"]
[Black "Almeida Junior, Clovis Viana"]
[Result "1-0"]
[WhiteElo "1872"]
[BlackElo "2084"]
[PlyCount "49"]
[EventDate "2013.01.12"]
[EventType "swiss"]
[EventRounds "6"]
[EventCountry "BRA"]
[SourceTitle "EXT 2014"]
[Source "ChessBase"]
[SourceDate "2013.11.20"]
[SourceVersion "1"]
[SourceVersionDate "2013.11.20"]
[SourceQuality "1"]

1. d4 d5 2. c4 c6 3. Nf3 Nf6 4. e3 a6 5. cxd5 cxd5 6. Nc3 Nc6 7. Be2 Bg4 8. 0-0 e6 9. b3 Bd6 10. Bb2 Rc8 11. Rc1 0-0 12. h3 Bh5 13. Na4 Ne4 14. Nd2 Bg6 15. Nxe4 dxe4 16. Nc5 Qc7 17. a3 e5 18. b4 exd4 19. exd4 Bf4 20. Rc2 e3 21. Bd3 exf2+ 22. Kh1 Be3 23. Bxg6 fxg6 24. Re2 Qf4 25. Qb3+ 1-0